Curso avançado de direito civil / (Record no. 682)
[ view plain ]
| 000 -LÍDER | |
|---|---|
| Campo Fixo de Controle | 00908nam a2200289 a 4500 |
| 001 - NÚMERO DE CONTROLE | |
| Campo de Controle | 682 |
| 003 - IDENTIFICAÇÃO DO NÚMERO DE CONTROLE | |
| Campo de Controle | BR-CuiBMT |
| 005 - DATA E HORA DA ÚLTIMA ATUALIZAÇÃO | |
| Campo de Controle | 20231127161855.0 |
| 008 - DADOS FIXOS | |
| Dados Fixos | 231113s2003 spb 000 0 por d |
| 020 ## - INTERNATIONAL STANDARD BOOK NUMBER | |
| Nº do ISBN | 8520323618 (v. 1) |
| 040 ## - AGÊNCIA CATALOGADORA | |
| Código da Agência Catalogadora | BR-CuiBMT |
| Agência que transcreveu o registro | BR-CuiBMT |
| 080 ## - Nº DA CLASSIFICAÇÃO DECIMAL UNIVERSAL | |
| Nº edição CDU | 2007 |
| Nº Class. CDU | 347 |
| 090 ## - NÚMERO DE CHAMADA | |
| Nº classificação | 347 |
| Cutter | L884c |
| Ano/Edição | 2. ed. |
| 100 1# - ENTRADA PRINCIPAL -- AUTOR PESSOAL | |
| Nome pessoal | Lotufo, Renan |
| 245 10 - TÍTULO PRINCIPAL | |
| Título principal | Curso avançado de direito civil / |
| Indicação de responsabilidade | Renan Lotufo ; [coordenador Everaldo Cambler]. |
| 250 ## - EDIÇÃO | |
| Edição | 2. ed., rev. e atual. |
| 260 ## - PUBLICAÇÃO, DISTRIBUIÇÃO, ETC. | |
| Local de publicação | São Paulo : |
| Editora | Revista dos Tribunais, |
| Data | 2003. |
| 300 ## - DESCRIÇÃO FÍSICA | |
| N. páginas ou volumes | v. ; |
| Dimensões | 21 cm |
| 500 ## - NOTAS GERAIS | |
| Notas gerais | "De acordo com o novo Código civil brasileiro". |
| 504 ## - NOTA DE BIBLIOGRAFIA, ETC. | |
| Nota de bibliografia | Inclui bibliografia. |
| 505 1# - NOTA DE CONTEÚDO | |
| Nota de conteúdo | v. 1. Parte geral |
| 590 ## - NOTA LOCAL | |
| Nota local | A Biblioteca possui somente o volume 1. |
| 650 ## - ASSUNTO TÓPICO | |
| Cabeçalho tópico ou nome geográfico | Direito civil |
| Subdivisão geográfica | Brasil |
| 650 ## - ASSUNTO TÓPICO | |
| Cabeçalho tópico ou nome geográfico | Responsabilidade civil |
| 700 1# - ENTRADA SECUNDÁRIA -- NOME PESSOAL | |
| Nome pessoal | Cambler, Everaldo Augusto |
| Termo de relação | coordenador |
| 942 ## - ELEMENTOS DE ENTRADA ADICIONAIS (KOHA) | |
| Fonte de classificação ou esquema de arquivamento | Classificação Decimal Universal |
| Tipo de item do Koha | Livros |
| Estado: removido | Estado: perdido | Fonte de classificação ou esquema de arquivamento | Estado: danificado | Indisponível para empréstimo | Localização permanente | Localização atual | Data de aquisição | Numeração serial ou cronológica (Volume) | Total Checkouts | Número de Chamada completo | Código de barras | Date last seen | Número do exemplar | Preço efetivo a partir de | Tipo de item (Koha) |
|---|---|---|---|---|---|---|---|---|---|---|---|---|---|---|---|
| Classificação Decimal Universal | Biblioteca da Escola Superior de Contas do TCE/MT | Biblioteca da Escola Superior de Contas do TCE/MT | 02/04/2013 | v. 1 | 347 L884c | BIBTCEMT23110526 | 13/11/2023 | Ex. 1 | 13/11/2023 | Livros |